| Tag |
First Indicator |
Second Indicator |
Subfields |
| LEADER |
00000nam a2200000 a 4500 |
| 001 |
in00004564021 |
| 006 |
m||||||||d|||||||| |
| 007 |
cr ||||||||||| |
| 008 |
110826s1990 enk fo| 100|0|eng|d |
| 005 |
20241017192126.3 |
| 020 |
|
|
|a 9780727743886 (ebook) :
|c No price
|
| 035 |
|
|
|a (StDuBDS)EDZ0000038788
|
| 040 |
|
|
|a StDuBDS
|b eng
|c StDuBDS
|e pn
|
| 050 |
|
4 |
|a TD159.A1
|
| 082 |
0 |
4 |
|a 628
|2 23
|
| 245 |
0 |
0 |
|a AME annual conference 1990 :
|b partners in the environment.
|
| 246 |
3 |
0 |
|a Partners in the environment
|
| 260 |
|
|
|a London :
|b Thomas Telford,
|c 1990.
|
| 300 |
|
|
|a 1 online resource (1 volume)
|
| 336 |
|
|
|a text
|b txt
|2 rdacontent
|
| 337 |
|
|
|a computer
|b c
|2 rdamedia
|
| 338 |
|
|
|a online resource
|b cr
|2 rdacarrier
|
| 520 |
8 |
|
|a Providing access to engineering content from the past, this is the proceedings of the Association of Municipal Engineers' annual conference held in 1990.
|
| 521 |
|
|
|a Specialized.
|
| 588 |
|
|
|a Description based on print version record.
|
| 650 |
|
0 |
|a Municipal engineering
|x Environmental aspects
|v Congresses.
|
| 655 |
|
7 |
|a Electronic books.
|2 local
|
| 710 |
2 |
|
|a Association of Municipal Engineers.
|
| 710 |
2 |
|
|a Institution of Civil Engineers (Great Britain)
|
| 856 |
4 |
0 |
|u http://proxy.library.tamu.edu/login?url=https://www.icevirtuallibrary.com/doi/book/10.1680/piteaac.43886
|z Connect to the full text of this electronic book
|t 0
|
| 955 |
|
|
|a Institution of Civil Engineers (ICE) 2021 Complete eBook Collection.
|
| 999 |
f |
f |
|s fb7199e8-7815-4913-a0e3-d799bd01489c
|i fb7199e8-7815-4913-a0e3-d799bd01489c
|t 0
|
| 952 |
f |
f |
|a Texas A&M University
|b College Station
|c Electronic Resources
|d Available Online
|t 0
|e TD159.A1
|h Library of Congress classification
|
| 998 |
f |
f |
|a TD159.A1
|t 0
|l Available Online
|